000 00521nam a2200169Ia 4500
003 LK-CoDNM
008 010623t xxu||||| |||| 00| 1 sin d
040 _aLK-CoDNM
_dLK-CoDNM
_eLK-CoDNM
041 _asin
080 _a(x) 92
245 _aඑක්සත්‍ ජනපදයේ 23වෙනි ජනධිපති වුඩිරෝ විල්සන්
246 _aEksath Janapadaye 23 weni janadhipathi Woodro Vilson
300 _b24, 21 cm
650 _aBiography
650 _aWoodro Vilson
942 _cBK
999 _c137633
_d137633